000 01289nam a2200337 a 4500
003 AR-BaBNM
005 20251128203901.0
008 082120s2002 ||||||||||||||000 | spa||
040 _cAR-BaBNM
100 1 _aEmmer, Edmund T.
245 0 0 _aDocencia con laboratorio experimental
250 _a1ª ed.
260 _aBuenos Aires
_bGuadalupe
_bCentro Regional de Ayuda Técnica. Agencia para el Desarrollo Internacional
_c1973
300 _a175 p.
_btablas
490 0 _aBiblioteca pedagógica
500 _aContiene apéndice
500 _aEsta publicación ha sido preparada conjuntamente por la editorial y el Centro Regional de Ayuda Técnica, Agencia para el Desarrollo Internacional AID, Departamento de Estado del Gobierno de los Estados Unidos de América. El Centro es una organización dedi
504 _aContiene bibliografía al final de cada capítulo
650 4 _aFORMACION DE DOCENTES
650 4 _aPLAN DE FORMACION DE DOCENTES
650 4 _aMOTIVACION DEL ALUMNO
650 4 _aEVALUACION
650 4 _aOBJETIVOS EDUCACIONALES
653 _aEDUCACION PRIMARIA
653 _aEDUCACION SECUNDARIA
653 _aPROCESO DE ENSEÑANZA-APRENDIZAJE
700 1 _aMillett, Gregg B.
700 1 _aLeal, Aníbal
_etraductor
942 _cBK
998 _cSILVI
999 _c5321
_d5321